000 00350nam a22001337a 4500
003 SGT
020 _a9789352667536
082 _a200
_bY18S
100 _aशर्मा, हेमंत
245 _a युद्ध में अयोध्या
260 _bप्रभात प्रकाशन
_c2018
300 _a479
942 _2ddc
_cBK
999 _c31740
_d31740